Modern parasitology (Record no. 10551)

MARC details
000 -LEADER
fixed length control field 00791nam a22002297a 4500
003 - CONTROL NUMBER IDENTIFIER
control field OSt
005 - DATE AND TIME OF LATEST TRANSACTION
control field 20250528022437.0
008 - FIXED-LENGTH DATA ELEMENTS--GENERAL INFORMATION
fixed length control field 250505t2017 |||o|||| | || 00| ||e|g dd d
020 ## - INTERNATIONAL STANDARD BOOK NUMBER
International Standard Book Number 9789382471622
040 ## - CATALOGING SOURCE
Transcribing agency JMCFI - Learning Resource Center
082 ## - DEWEY DECIMAL CLASSIFICATION NUMBER
Classification number eBook 616.96 M689 2017
245 ## - TITLE STATEMENT
Title Modern parasitology
Medium [electronic resource] /
Statement of responsibility, etc. edited by Neelima Gupta and D.K. Gupta.
260 ## - PUBLICATION, DISTRIBUTION, ETC.
Place of publication, distribution, etc. New Delhi :
Name of publisher, distributor, etc. Narendra Publishing House ,
Date of publication, distribution, etc. 2017.
300 ## - PHYSICAL DESCRIPTION
Extent 1 online resource (317 pages).
650 ## - SUBJECT ADDED ENTRY--TOPICAL TERM
Topical term or geographic name entry element Parasitology.
9 (RLIN) 6961
650 ## - SUBJECT ADDED ENTRY--TOPICAL TERM
Topical term or geographic name entry element Medical eBook.
9 (RLIN) 33539
650 ## - SUBJECT ADDED ENTRY--TOPICAL TERM
Topical term or geographic name entry element iG Publishing.
9 (RLIN) 33537
700 ## - ADDED ENTRY--PERSONAL NAME
Personal name Gupta, Neelima
Relator term editor
9 (RLIN) 33962
700 ## - ADDED ENTRY--PERSONAL NAME
Personal name Gupta, D. K.
Relator term editor
9 (RLIN) 33963
856 ## - ELECTRONIC LOCATION AND ACCESS
Uniform Resource Identifier <a href="https://portal.igpublish.com/iglibrary/reader/NBNB0009117/1">https://portal.igpublish.com/iglibrary/reader/NBNB0009117/1</a>
942 ## - ADDED ENTRY ELEMENTS (KOHA)
Source of classification or shelving scheme Dewey Decimal Classification
Koha item type Subscribed eBooks
Suppress in OPAC No
Holdings
Withdrawn status Lost status Source of classification or shelving scheme Damaged status Not for loan Home library Current library Date acquired Total Checkouts Call number Date last seen Uniform Resource Identifier Price effective from Koha item type
    Dewey Decimal Classification     LRC - Digital Library LRC - Digital Library 05/28/2025   eBook 616.96 M689 2017 05/28/2025 https://portal.igpublish.com/iglibrary/reader/NBNB0009117/1 05/28/2025 Subscribed eBooks